000 01197nam a2200205Ia 4500
001 16940
003 GE_BSU
008 181216s||||||||xx |||||||||||||| ||und||
040 _cGE_BSU
080 _a821.353.1 + 821.353.1(092საიათნოვა) + 821.353.1.09 + 392(=353.1) + 94(479.22-25) + 394.014(479.22-25)
245 _aთხზულებათა კრებული: 5 ტომად. ტ. 3 : საიათნოვა. ძველი თბილისის ლიტერატურული ბოჰემა
260 _aთბილისი
260 _bსაბჭ. საქართველო
260 _c1963
300 _a324 გვ.23 სმ.
653 _aთხზულებათა კრებული
653 _aსაიათნოვა. ძველი თბილისის ლიტერატურული ბოჰემა.
653 _aსაიათნოვა; ქართული ლიტერატურის ისტორია და კრიტიკა; თბილისური ყოფა და ტრადიციები; თბილისის ისტორია
942 _cBK
999 _c50003
_d50003